000 00420nam a2200169Ia 4500
008 230524s9999 xx 000 0 und d
020 _a9780198062281
082 _bLAT
100 _aB.P.Lathi
245 0 _aPrinciples of Singnal Processing and Linear Systems
250 _a6
260 _aNew Delhi
_bOxford
_c2011
300 _a"XI,829p;"
500 _aQuantity Number: 1
650 _aElectronics
942 _cBK
999 _c57521
_d57521